000 00407nam a22001697a 4500
005 20251118123810.0
008 251118b |||||||| |||| 00| 0 eng d
037 _cTB
040 _aCRL
_cCRL
041 _2ARB
_aARB
084 _bCRL
245 _aMajmua maqalat fi alhaj al-kita al-awwal
260 _aIran,
300 _a307p.
942 _2CC
_cTB
_n0
999 _c1465453
_d1465453